000 00446nam a2200169 a 4500
001 0000-8630
003 ELIB.Books
008 110520 2002
035 _a(ELIB.Books)0000-8776
082 _a242.2
_bPon
100 _aPongracz, Lynda E.
245 _aThe Wonder Devotional ( Book - I )
260 _bU.S.A.: Child Evangelism Fellowship Inc.
_c2002
650 _aEthics
942 _2ddc
_cBK
998 _cbat
_e2011-05-20
999 _c8630
_d8630